000 00360 a2200157 4500
001 157223
020 _a9788598611778
040 _cEscola São Tomás de Aquino
100 _aHeck, Lenira Almeida
240 1 0 _aO ratinho Rói-Rói
_lpor
245 1 0 _aO ratinho Rói-Rói
300 _a60
362 0 _a2010
697 _a*LITERATURA INFANTO
942 _cBK
999 _c157223
_d157223